| 000 | 00812nam a2200217 a 4500 | ||
|---|---|---|---|
| 005 | 20140412111334.0 | ||
| 008 | 031018s19uu xx 00 eng d | ||
| 020 | _a0-590-49173-3 | ||
| 050 |
_aTR(PS E _bWe37 1991 |
||
| 100 | _aCheltenham, Elementary School Kindergartners | ||
| 245 |
_aWe are all alike... we ar all different / _cwritten and illustrated by the Cheltenham Elementary School Kindergartners. |
||
| 260 |
_aNew York : _bScholastic Inc, _c1991. |
||
| 300 | _a1 v. (unp.) ; ill. | ||
| 520 | _aKindergarten children describe the likeness and differences among themselves. | ||
| 650 | _aSchool children--Juvenile literature | ||
| 650 | _aIntercultural education--Juvenile Literature | ||
| 650 | _aIndividuality | ||
| 650 | _aChidren's writings | ||
| 650 | _aChildren's art | ||
| 999 |
_c105006 _d105006 |
||